000 00450nam a2200157 i 4500
001 84707
003 ES-MaACL
005 20230906175057.0
007 t|
008 041123s1977 sp ||||1| spa d
100 1 _aJiménez Lozano, José.
_966552
245 1 0 _aRetratos y soledades /
_cJosé Jiménez Lozano.
260 _a[Madrid] :
_bPaulinas,
_c1977.
300 _a349 p., 1 lám. :
_bretr. aut. ;
_c21 cm.
852 _aES-MaACL
_jA-6924
_bR.96083
999 _c84707
_d84707